Statistics for Greek Mythology (A)

Click here to take the quiz!

General Stats

  • This quiz has been taken 111 times
  • The average score is 7 of 8

Answer Stats

HintAnswer% Correct
Who is killed by an arrow, shot in the Heel?Achilles
98%
Who is the Twin of the Goddess of Hunt?Apollo
96%
Who has the roman name, Mars?Ares
95%
Who is the Twin of the God of Archery?Artemis
93%
What City Did Athena and Poisden fight over?Athens
93%
Who holds the Earth on the Shoulders?Atlas
93%
Who had a pet Owl?Athena
89%
Who came from Uranus's Semen?Aphrodite
77%

Score Distribution

Percentile by Number Answered

Percent of People with Each Score

Your Score History

You have not taken this quiz